000 00729nam a2200217 a 4500
001 64843
003 BD-RJUL
005 20211209081345.0
008 170223s1968 dk 100 0 fre d
035 _a(BD-RJUL)64973
040 _aDLC
_c*SER*
_dMH
_dBD-RJUL
_beng
041 _aeng
082 _223
_a956
_bACT 1968
111 2 _aInternational Congress of Orientalists
_n(15th :
_d1908 :
_cCopenhagen, Denmark)
_9192244
245 1 0 _aActes du quinzième Congrès international des orientalistes :
_bsession de Copenhague, 1908 /
260 _aCopenhague :
_bImprimerie Graebe,
_c1968
300 _a87 p. ;
_c27 cm.
650 0 _aAsia -- Congresses.
_9192245
650 0 _a Middle East -- Congresses.
_9192246
942 _2ddc
_cBK
999 _c64843
_d64843